000
00277nam a22001217a 4500
008
181011b xxu||||| |||| 00| 0 eng d
041
_a
eng
080
_a
910
100
_a
42
101
_a
GJEO
245
_a
Basic Concepts of Physical Geology
_c
Spencer, E.W
942
_2
udc
_c
BK
999
_c
49367
_d
49367